Sports Quiz

Random Sports or NFL Quiz

All-Time Team Passing Leaders:Seahawks Quiz Stats

 Plays Quiz not verified by Sporcle

Score 0/10 Timer 04:00
0 Plays Today
Yards - Years Player % Correct
29,434 yds (2001-2011)Matt Hasselbeck
99.1%
26,132 yds (1980-91)Dave Krieg
91.5%
20,122 yds (1976-84)Jim Zorn
90.6%
5,310 yds (1997-98)Warren Moon
78.3%
9,094 yds (1993-96)Rick Mirer
77.4%
3,547 yds (2005-09)Seneca Wallace
76%
7,552 yds (1997-00)Jon Kitna
73.9%
2,560 yds (2001-04)Trent Dilfer
60.7%
2,333 yds (1988-92)Kelly Stouffer
41.6%
2,971 yds (1995-98)John Friesz
33.4%

You're not logged in!

Compare scores with friends on all Sporcle quizzes.
OR
Log In

You Might Also Like...

Show Comments

Extras

Top Quizzes Today


Score Distribution

Your Account Isn't Verified!

In order to create a playlist on Sporcle, you need to verify the email address you used during registration. Go to your Sporcle Settings to finish the process.

Report this User

Report this user for behavior that violates our Community Guidelines.

Details: